Statistics for Capital Cities: Ports and Saints

Click here to take the quiz!

General Stats

  • This quiz has been taken 10,991 times
  • The average score is 8 of 14

Answer Stats

Capital% Correct
Port-au-Prince
82%
Port Moresby
67%
Port-of-Spain
65%
Santo Domingo
59%
San José
58%
San Salvador
58%
Santiago
53%
Saint John's
52%
Port Louis
50%
Saint George's
50%
Port Vila
43%
San Marino
43%
Porto-Novo
41%
Sao Tome
37%

Score Distribution

Percentile by Number Answered

Percent of People with Each Score

Your Score History

You have not taken this quiz